<?xml version="1.0" encoding="UTF-8"?>
<marc:record xmlns:marc="http://www.loc.gov/MARC21/slim">
   <marc:leader>00000nam a2200000 a 4500</marc:leader>
   <marc:datafield ind1="1" ind2=" " tag="100">
      <marc:subfield code="a">Ruhe, Anna</marc:subfield>
      <marc:subfield code="4">aut</marc:subfield>
      <marc:subfield code="e">Verfasser/-in</marc:subfield>
   </marc:datafield>
   <marc:datafield ind1="1" ind2=" " tag="100">
      <marc:subfield code="a">Carls, Claudia</marc:subfield>
   </marc:datafield>
   <marc:datafield ind1="0" ind2="0" tag="245">
      <marc:subfield code="a">Das Vermächtnis der Villa Evie</marc:subfield>
   </marc:datafield>
   <marc:datafield ind1="0" ind2="0" tag="245">
      <marc:subfield code="c">Anna Ruhe</marc:subfield>
   </marc:datafield>
   <marc:datafield ind1=" " ind2="1" tag="264">
      <marc:subfield code="a">Würzburg</marc:subfield>
      <marc:subfield code="b">Arena</marc:subfield>
      <marc:subfield code="c">2021</marc:subfield>
   </marc:datafield>
   <marc:datafield ind1="1" ind2=" " tag="490">
      <marc:subfield code="a">¬Die¬ Duftapotheke</marc:subfield>
      <marc:subfield code="v">6</marc:subfield>
   </marc:datafield>
   <marc:datafield ind1=" " ind2=" " tag="250">
      <marc:subfield code="a">1. Auflage</marc:subfield>
   </marc:datafield>
   <marc:datafield ind1="1" ind2=" " tag="520">
      <marc:subfield code="a">Auf Luzie Alvenstein und ihre Freunde warten dunkle Zeiten: Ihr Widersacher Edgar de Richemont versucht mit allen Mitteln, in die Villa Evie einzudringen. Denn nur mit der Duftapotheke kann er seinen Plan umsetzen und das Sentifleurs-Talent auf der ganzen Welt auslöschen. Nun ist es an Luzie und Mats, ihr Zuhause und die magischen Düfte zu schützen. Dabei stoßen sie auf verborgene Gänge und Räume, die scheinbar aus dem Nichts auftauchen und dabei immer mehr Geheimnisse offenbaren. Luzie spürt, tief im Herzen, dass die Villa Evie ihr helfen will. Doch Edgar ist gefährlicher als je zuvor - und er scheint zu allem bereit, um die Duftapotheke für sich zu gewinnen ... (Verlagstext)</marc:subfield>
   </marc:datafield>
   <marc:datafield ind1=" " ind2=" " tag="020">
      <marc:subfield code="a">9783401605982</marc:subfield>
      <marc:subfield code="9">9783401605982</marc:subfield>
   </marc:datafield>
   <marc:datafield ind1=" " ind2=" " tag="020">
      <marc:subfield code="a">3401605984</marc:subfield>
      <marc:subfield code="9">3401605984</marc:subfield>
   </marc:datafield>
   <marc:datafield ind1=" " ind2=" " tag="300">
      <marc:subfield code="a">325 Seiten : Illustrationen, fest geb.</marc:subfield>
   </marc:datafield>
</marc:record>
